Texas ranch house / a co-production of ... Read More
Available copies
- 1 of 1 copy available at LARL/NWRL Consortium.
Current holds
0 current holds with 1 total copy.
Show Only Available Copies
| Location | Call Number / Copy Notes | Barcode | Shelving Location | Status | Due Date |
|---|---|---|---|---|---|
| Thief River Falls Public Library | DVD TEX (Text) | 35500006343550 | Main | Available | - |
Record details
- ISBN: 0793692245
- ISBN: 9780793692248
- Physical Description: 2 videodiscs (approximately 480 min.) : sound, ... Read More
- Publisher: [New York] : PBS Home Video, 2006.
Content descriptions
| General Note: | Title from container. Special features: More diaries; Auditions for 'Texas ranch house.' |
| Formatted Contents Note: | Disc one: Episode 1: A home on the range ; Episode ... Read More |
| Creation/Production Credits Note: | Narrator, Randy Quaid ; cinematographers, James ... Read More |
| Participant or Performer Note: | Ian Roberts. |
| Summary, etc.: | Follow the daily life of a brave and diverse group ... Read More |
| Target Audience Note: | Not rated. |
| System Details Note: | DVD, region 1, widescreen (16:9, enhanced) ... Read More |
| Language Note: | Closed-captioned. |
Search for related items by subject
| Subject: | Ranch life > Texas. Cowboys > Texas. Ranches > Texas. Cowboys. Ranch life. Ranches. Texas. |
| LDR | 04104cgm a2200841Ia 4500 | ||
|---|---|---|---|
| 001 | 352547 | ||
| 003 | LARL_NWRL_CONSORTIUM | ||
| 005 | 20201005131519.0 | ||
| 007 | vd cvaizs | ||
| 008 | 060518s2006 nyu480 g vleng d | ||
| 040 | . | ‡aTEFMT ‡beng ‡cTEFMT ‡dRL9 ‡dGK8 ‡dTEF ‡dOCLCQ ‡dOCLCA ‡dWAU ‡dOCLCA ‡dOCLCQ ‡dOCLCF ‡dOCLCO ‡dOCLCA ‡dIHX ‡dIOU ‡dOCLCA ‡dOCLCQ ‡dOCLCO ‡dOCLCA ‡dLMJ ‡dAZM ‡dOCLCO ‡dZQP ‡dOCLCO ‡dUAH ‡dORX ‡dOCLCO ‡dN8V ‡dOCLCO ‡dNRG | |
| 019 | . | ‡a990512349 ‡a1013452447 ‡a1020427094 | |
| 020 | . | ‡a0793692245 | |
| 020 | . | ‡a9780793692248 | |
| 024 | 1 | 0. | ‡a841887007252 |
| 028 | 4 | 2. | ‡aTXH0600 ‡bPBS Home Video |
| 035 | . | ‡a(OCoLC)68966044 ‡z(OCoLC)990512349 ‡z(OCoLC)1013452447 ‡z(OCoLC)1020427094 | |
| 037 | . | ‡bMidwest Tape ‡nhttp://www.midwesttapes.com | |
| 043 | . | ‡an-us-tx | |
| 082 | 0 | 4. | ‡a791.45/75 ‡222 |
| 049 | . | ‡aNRGA | |
| 245 | 0 | 0. | ‡aTexas ranch house / ‡ca co-production of Thirteen/WNET New York and Wall to Wall Media Limited and PBS in association with the Corporation for Public Broadcasting ; series producer, Luis Barreto ; directed by Bobbie Birleffi, Christopher Ragazzo, Ilana Trachtman, Barnaby Coughlin. |
| 260 | . | ‡a[New York] : ‡bPBS Home Video, ‡c2006. | |
| 300 | . | ‡a2 videodiscs (approximately 480 min.) : ‡bsound, color ; ‡c4 3/4 in. | |
| 336 | . | ‡atwo-dimensional moving image ‡btdi ‡2rdacontent | |
| 337 | . | ‡avideo ‡bv ‡2rdamedia | |
| 338 | . | ‡avideodisc ‡bvd ‡2rdacarrier | |
| 344 | . | ‡adigital ‡boptical ‡2rda | |
| 347 | . | ‡avideo file ‡bDVD video ‡2rda | |
| 538 | . | ‡aDVD, region 1, widescreen (16:9, enhanced) presentation; Dolby Digital stereo. | |
| 546 | . | ‡aClosed-captioned. | |
| 500 | . | ‡aTitle from container. | |
| 511 | 1 | . | ‡aIan Roberts. |
| 508 | . | ‡aNarrator, Randy Quaid ; cinematographers, James Jansen, Raoul Germain ; editors, Oliver Lief, Lisa M. Jones, Bryan Gunnar Cole, Mark Augustine ; music, Don DiNicola, Stewart Lerman, Stuert Smith. | |
| 521 | 8 | . | ‡aNot rated. |
| 520 | . | ‡aFollow the daily life of a brave and diverse group of cowboys-at-heart who discover how the myth of the American West meshes with reality, as 15 people learn what it was like to get a ranch up and running in 1867. | |
| 505 | 0 | . | ‡aDisc one: Episode 1: A home on the range ; Episode 2: The good, the bad & the colonel ; Episode 3: The cookie crumbles ; Episode 4: The great divide -- Disc two: Episode 5: Showdown at the Cooke Corral ; Episode 6: Lords of the plains ; Episode 7: Blazing trails ; Episode 8: The reckoning. |
| 500 | . | ‡aSpecial features: More diaries; Auditions for 'Texas ranch house.' | |
| 650 | 0. | ‡aRanch life ‡zTexas. ‡0(LARL_NWRL_CONSORTIUM)174574 | |
| 650 | 0. | ‡aCowboys ‡zTexas. | |
| 650 | 0. | ‡aRanches ‡zTexas. ‡0(LARL_NWRL_CONSORTIUM)29406 | |
| 650 | 7. | ‡aCowboys. ‡2fast ‡0(LARL_NWRL_CONSORTIUM)17931 | |
| 650 | 7. | ‡aRanch life. ‡2fast ‡0(LARL_NWRL_CONSORTIUM)29400 | |
| 650 | 7. | ‡aRanches. ‡2fast ‡0(LARL_NWRL_CONSORTIUM)29402 | |
| 651 | 7. | ‡aTexas. ‡2fast ‡0(LARL_NWRL_CONSORTIUM)65986 | |
| 655 | 7. | ‡aReality television programs. ‡2lcgft ‡0(LARL_NWRL_CONSORTIUM)175689 | |
| 655 | 7. | ‡aAction and adventure television programs. ‡2fast ‡0(LARL_NWRL_CONSORTIUM)175838 | |
| 655 | 7. | ‡aReality television programs. ‡2fast ‡0(LARL_NWRL_CONSORTIUM)175689 | |
| 655 | 7. | ‡aVideo recordings for the hearing impaired. ‡2fast ‡0(LARL_NWRL_CONSORTIUM)175744 | |
| 655 | 7. | ‡aAction and adventure television programs. ‡2gsafd ‡0(LARL_NWRL_CONSORTIUM)175838 | |
| 655 | 7. | ‡aAction and adventure television programs. ‡2lcgft ‡0(LARL_NWRL_CONSORTIUM)175838 | |
| 655 | 7. | ‡aVideo recordings for the hearing impaired. ‡2lcgft ‡0(LARL_NWRL_CONSORTIUM)175744 | |
| 655 | 7. | ‡aReality-based ‡vTelevision series. ‡2migfg | |
| 655 | 7. | ‡aAdventure ‡vTelevision series. ‡2migfg | |
| 655 | 7. | ‡aAnimal ‡vTelevision series. ‡2migfg | |
| 700 | 1 | . | ‡aBirleffi, Bobbie. ‡0(LARL_NWRL_CONSORTIUM)219408 |
| 700 | 1 | . | ‡aRagazzo, Christopher. |
| 700 | 1 | . | ‡aTrachtman, Ilana. ‡0(LARL_NWRL_CONSORTIUM)215173 |
| 700 | 1 | . | ‡aCoughlin, Barnaby. |
| 700 | 1 | . | ‡aRoberts, Ian. ‡0(LARL_NWRL_CONSORTIUM)183709 |
| 700 | 1 | . | ‡aQuaid, Randy, ‡d1950- |
| 700 | 1 | . | ‡aJansen, James. |
| 700 | 1 | . | ‡aGermain, Raoul. |
| 700 | 1 | . | ‡aDiNicola, Don. ‡0(LARL_NWRL_CONSORTIUM)206380 |
| 700 | 1 | . | ‡aLerman, Stewart. ‡0(LARL_NWRL_CONSORTIUM)206164 |
| 700 | 1 | . | ‡aSmith, Stuert. |
| 710 | 2 | . | ‡aWNET (Television station : New York, N.Y.) ‡0(LARL_NWRL_CONSORTIUM)62564 |
| 710 | 2 | . | ‡aWall to Wall Media Limited. |
| 710 | 2 | . | ‡aPublic Broadcasting Service (U.S.) ‡0(LARL_NWRL_CONSORTIUM)90034 |
| 710 | 2 | . | ‡aPBS Home Video. ‡0(LARL_NWRL_CONSORTIUM)139198 |
| 730 | 0 | . | ‡aTexas ranch house (Television program) |
| 905 | . | ‡ubacont | |
| 901 | . | ‡a352547 ‡b ‡c352547 ‡tbiblio ‡soclc | |

Add to basket
Permalink
Disable Highlighting